000 00387nam a2200145Ia 4500
005 20241119023513.0
008 240331s9999 xx 000 0 und d
082 _bSEN
_a823
100 _aSenevaratne,M
245 4 _aThe fleeting moment :
_ba collection of short stories
260 _aColombo
_bSwastika Private Limited
_c1986
300 _a56 p .,
650 _aShort Stories
942 _cL
999 _c3324
_d3324